000 01443aam a2200361 i 4500
001 768714001
003 CO-MdFUSB
005 20241021092751.0
007 ta
008 241019t1994 -us||||| |||| 001 0 spa d
020 _a1-56063-476-6
_qTomo 1
020 _a1-56063-477-4
_qTomo 2
040 _bspa
_cCO-MdFUSB
_dCO-MdFUSB
041 0 _aspa
082 0 4 _a270
_223
_bG643
100 1 _aGonzález, Justo Luis
_eautor
245 1 0 _aHistoria del cristianismo :
_bdesde la era de los mártires hasta la era de los sueños frustrados
_c/ Justo L. Gonzáles
250 _aEdición revisada en 2 tomos
_b1994
264 1 _aMiami, FL., USA :
_bUnilit,
_c[1994]
264 4 _c©1994
300 _atomo 1 - tomo 2
_b: ilustraciones
_c; 24 cm
336 _atexto
_btxt
_2rdacontent
337 _2rdamedia
_asin mediación
_bn
338 _2rdacarrier
_avolumen
_bnc
500 _aIncluye índice temático, ilustraciones
505 _tTomo I:
_aLa era de los mártires. -- Cristianismo e historia. -- La era de las tinieblas -- Era de los altos ideales -- La era de los sueños frustrados
_tTomo II:
_aLa era de los reformadores. -- La era de los conquistadores -- La era de los dogmas y las dudas -- La era de los nuevos horizontes -- La era inconclusa
563 _aTapa dura
650 7 _aCristianismo
_922
650 7 _aHistoria
_2embne
_97022
650 0 _aHistoria de la Iglesia
_9153
942 _cBK
945 _aCatherine Arias Alvarez
999 _c39233
_d39233